01035nam a22003137a 4500003000500000005001700005008004100022010001000063011001000073035001000083040000900093082002400102110004700126245002900173260007800202300003200280500002700312650004700339650003700386650002800423650003300451650002500484650003900509650002300548650002400571700002100595700002700616710007800643CHAP20220817041737.0971013s1993 r 00010 d a23140 a24112 a28211 cCHAP a636.08063bA54 1993 aAmerican Society of Agricultural Engineers aLivestock environment IV aSt. Joseph, Michigan :bAmerican Society of Agricultural Engineers,c1993 a1245 p.b: ilus. ; gráfs. a-- -- Supl. c.a. 20 p.14aAves de corralxEfecto del medio ambiente.14aAves de corralxJaulas y equipo.14aGanaderíaxCongresos.14aGanado porcinoxAlojamiento.14aGanadoxAlojamiento.14aGanadoxEfecto del medio ambiente.14aGenética animal.14aNutrición animal.0 aBoon, Chriseed.0 aCollins, Eldridgeeed.0 aInternational Symposium University of Warwick (4 : 1993 : Coventry, Eng.)